Statistiques concernant Effectif détaillé de l'Amiens SC saison 2023-2024

Cliquez ici pour prendre le quiz!

Statistiques générales

  • Ce quiz a été pris 39 fois
  • Le résultat moyen est 14 sur 29

Statistiques - réponses

NationalitéAncien clubPosteNuméroRéponse% Correct
FranceLe Havre ACGardien1Régis Gurtner
91%
Congo DRRC LensMilieu10Gaël Kakuta
87%
FranceGil Vicente FCMilieu7Antoine Leautey
83%
FranceStade Rennais FCMilieu24Jérémy Gelin
74%
République
Centrafricaine
US Quevilly-RouenAttaquant9Louis Mafouta
74%
GhanaUdinese CalcioDéfenseur4Nicholas Opoku
74%
FranceFC NantesDéfenseur14Sébastien Corchia
74%
MaliFC MetzDéfenseur2Mamadou Fofana
70%
FranceLe Havre ACMilieu6Mamadou Fofana II
70%
SénégalDijon FCOCoachOmar Daf
70%
Côte d'IvoireFormé à l'Amiens SCMilieu42Ibrahim Fofana
65%
FranceStade LavalloisGardien16Alexis Sauvage
61%
SuèdeWisła CracovieDéfenseur3Sebastian Ring
61%
FranceSC BastiaDéfenseur20Kylian Kaiboue
52%
BeninFormé à l'Amiens SCDéfenseur15Youssouf Assogba
52%
FranceFormé à l'Amiens SCGardien30Matthieu Rongier
48%
FranceFormé à l'Amiens SCMilieu25Owen Gene
48%
Burkina FasoStandard de Liège*Attaquant8Abdoul Tapsoba
39%
Pays-BasCeltic GlasgowDéfenseur5Osaze Urhoghide
39%
FranceFormé à l'Amiens SCAttaquant94Mathis Touho
35%
Les ComoresFormé à l'Amiens SCMilieuRayan Lutin
30%
FranceGreuther FürthDéfenseur23Abdourahmane Barry
26%
SénégalFortuna SittardMilieu18Amadou Ciss
26%
BeninJuventus FCAttaquant17Ange Chibozo
26%
FranceFormé à l'Amiens SCDéfenseur22Kassoum Ouattara
22%
MarocFormé à l'Amiens SCMilieuMohamed Ouhatti
17%
FranceFormé à l'Amiens SCAttaquantDarell Tokpa
13%
FranceFormé à l'Amiens SCMilieu20Mathis Lachuer
4%
FranceFormé à l'Amiens SCMilieuHenri Dupays
0%

Distribution des résultats

Percentile par nombre de réponses

% des personnes avec chaque résultat

Votre développement - résultats

Vous n’avez pas pris ce quiz